00558nam a22001817a 4500003000900000005001700009008003700026020001900063040002600082082001700108100003100125245005000156260004000206300002200246500006500268650002300333650002000356DO-SdBNP20260120073951.0210719b 2018 dr 00| 0 eng d a9789945481938  aDO-SdBNPbspacBNPHU  4a231.1bS211n1 aSánchez, Joelyn,d1990-10aNecesito un Abba (Padre) /cJoelyn Sánchez. aSanto Domingo :bCentenario,c2018. a143 p. :c22 cm.  aIncluye datos biográficos del autor en la contracubierta.  4aPaternidad de Dios 0aVida espiritual